Hands on Research for Artists, Designers & Educators (Record no. 369798)

MARC details
000 -LEADER
fixed length control field 00836nam a2200205 4500
005 - DATE AND TIME OF LATEST TRANSACTION
control field 20260203115638.0
008 - FIXED-LENGTH DATA ELEMENTS--GENERAL INFORMATION
fixed length control field 260109b |||||||| |||| 00| 0 eng d
020 ## - INTERNATIONAL STANDARD BOOK NUMBER
International Standard Book Number 9789083404165
041 ## - LANGUAGE CODE
Language code of text/sound track or separate title English
082 ## - DEWEY DECIMAL CLASSIFICATION NUMBER
Classification number 001.4
Item number RAS
100 ## - MAIN ENTRY--PERSONAL NAME
Author Rasch Miriam
245 ## - TITLE STATEMENT
Title Hands on Research for Artists, Designers & Educators
260 ## - PUBLICATION, DISTRIBUTION, ETC.
Name of publisher, distributor, etc. Set Margins
Date of publication, distribution, etc. 2025
300 ## - PHYSICAL DESCRIPTION
Extent 98
365 ## - TRADE PRICE
Price amount 1560.26
Currency code Rs.00
520 ## - SUMMARY, ETC.
Summary, etc. 1. When Does Making Become Research? Research by Making<br/>2. What Is Out There? Research of context<br/>3. Who Can Put Me To The Test? Participatory research<br/>4. Why Do I Do What I Do? Reflecting on research<br/>5. Where Do I Leave My Traces? Documenting research<br/>6. What Is Research Without A Public? Making public<br/>
650 ## - SUBJECT ADDED ENTRY--TOPICAL TERM
Topical term or geographic name entry element Research
700 ## - ADDED ENTRY--PERSONAL NAME
Personal name Staal Harma
-- Gijsen Jojanneke
942 ## - ADDED ENTRY ELEMENTS (KOHA)
Koha item type Books
Holdings
Withdrawn status Lost status Source of classification or shelving scheme Damaged status Not for loan Home library Current library Date acquired Vendor Net Price Bill number Total Checkouts Full call number Barcode Date last seen Date last checked out Discount Actual Price Bill Date Koha item type
    Dewey Decimal Classification     School of Fashion Technology School of Fashion Technology 03/01/2026 Design Book Studio 1393.83 289 1 001.4 RAS SOFT-BK-4813 10/01/2026 10/01/2026 33% 2080.35 12/12/2025 Books